<?xml version="1.0" encoding="UTF-8"?>
<record
    xmlns:xsi="http://www.w3.org/2001/XMLSchema-instance"
    xsi:schemaLocation="http://www.loc.gov/MARC21/slim http://www.loc.gov/standards/marcxml/schema/MARC21slim.xsd"
    xmlns="http://www.loc.gov/MARC21/slim">

  <leader>03053nab a2200361uuc4500</leader>
  <controlfield tag="001">1383583</controlfield>
  <controlfield tag="005">20240202115628.0</controlfield>
  <controlfield tag="008">140828e20130405                    spa  </controlfield>
  <datafield tag="035" ind1=" " ind2=" ">
    <subfield code="a">1383583</subfield>
  </datafield>
  <datafield tag="040" ind1=" " ind2=" ">
    <subfield code="c">comduadb</subfield>
  </datafield>
  <datafield tag="041" ind1=" " ind2=" ">
    <subfield code="a">spa</subfield>
  </datafield>
  <datafield tag="100" ind1="1" ind2="0">
    <subfield code="a">Esparza S&#xE1;nchez, Germ&#xE1;n</subfield>
    <subfield code="4">aut</subfield>
    <subfield code="e">aut</subfield>
    <subfield code="9">681064</subfield>
  </datafield>
  <datafield tag="245" ind1="1" ind2="0">
    <subfield code="a">Estrategias para la implementaci&#xF3;n y reporte de los puntos de corte CLSI vigentes y pruebas fenot&#xED;picas confirmatorias para BLEE y carbapenemasas en bacilos Gram negativos en laboratorios cl&#xED;nicos de Colombia</subfield>
  </datafield>
  <datafield tag="520" ind1="3" ind2=" ">
    <subfield code="a">En 2010, el Instituto Americano de Est&#xE1;ndares Cl&#xED;nicos y de Laboratorio (CLSI) inici&#xF3; un proceso de revisi&#xF3;n y actualizaci&#xF3;n de los puntos de corte para microdiluci&#xF3;n y disco difusi&#xF3;n para cefalosporinas (cefazolina, cefotaxima, ceftriaxona, ceftizoxima, ceftazidima), monobact&#xE1;micos (aztreonam) y carbapen&#xE9;micos (imipenem, meropenem, ertapenem, doripenem). Los cambios se basaron en modelos PK/PD que buscan predecir la respuesta cl&#xED;nica con el uso exclusivo de la concentraci&#xF3;n inhibitoria m&#xED;nima (CIM) y esquemas espec&#xED;ficos de dosificaci&#xF3;n de forma independiente al mecanismo de resistencia expresado. Este nuevo paradigma eliminar&#xED;a la necesidad de realizar pruebas fenot&#xED;picas para beta-lactamasas de espectro extendido (BLEE) y carbapenemasas para tomar decisiones terap&#xE9;uticas y permitir&#xED;a utilizarlas &#xFA;nicamente para fines epidemiol&#xF3;gicos. Sin embargo, ante las limitaciones de las metodolog&#xED;as actuales para pruebas de susceptibilidad en Colombia, el desconocimiento de estos cambios y la alarma epidemiol&#xF3;gica por la aparici&#xF3;n de nuevas &#xDF;-lactamasas en el pa&#xED;s, se hace necesario generar recomendaciones para los laboratorios cl&#xED;nicos, con el fin de unificar los criterios para la realizaci&#xF3;n e informe de los antibiogramas en bacilos Gram negativos, incluyendo la implementaci&#xF3;n de los puntos de corte actuales y la aplicaci&#xF3;n de las pruebas fenot&#xED;picas para la detecci&#xF3;n de BLEE y carbapenemasas.</subfield>
  </datafield>
  <datafield tag="650" ind1=" " ind2=" ">
    <subfield code="a">Betalactamasas</subfield>
    <subfield code="9">71187</subfield>
  </datafield>
  <datafield tag="650" ind1=" " ind2=" ">
    <subfield code="a">Cefalosporinas</subfield>
    <subfield code="9">49902</subfield>
  </datafield>
  <datafield tag="650" ind1=" " ind2=" ">
    <subfield code="a">Carbapen&#xE9;micos</subfield>
    <subfield code="9">186584</subfield>
  </datafield>
  <datafield tag="650" ind1=" " ind2=" ">
    <subfield code="a">Bacilos gramnegativos</subfield>
    <subfield code="9">210231</subfield>
  </datafield>
  <datafield tag="700" ind1="1" ind2="0">
    <subfield code="a">Ariza Ayala, Beatriz Elena</subfield>
    <subfield code="4">aut</subfield>
    <subfield code="e">aut</subfield>
    <subfield code="9">640401</subfield>
  </datafield>
  <datafield tag="700" ind1="1" ind2="0">
    <subfield code="a">Bedoya Londo&#xF1;o, Ana Mar&#xED;a</subfield>
    <subfield code="4">aut</subfield>
    <subfield code="e">aut</subfield>
    <subfield code="9">707276</subfield>
  </datafield>
  <datafield tag="700" ind1="1" ind2="0">
    <subfield code="a">Bustos, Ingrid</subfield>
    <subfield code="4">aut</subfield>
    <subfield code="e">aut</subfield>
    <subfield code="9">682280</subfield>
  </datafield>
  <datafield tag="700" ind1="1" ind2="0">
    <subfield code="a">Casta&#xF1;eda Ram&#xED;rez, Claudia Rocio</subfield>
    <subfield code="4">aut</subfield>
    <subfield code="e">aut</subfield>
    <subfield code="9">682847</subfield>
  </datafield>
  <datafield tag="700" ind1="1" ind2="0">
    <subfield code="a">De la Cadena Vivas, Elsa Piedad</subfield>
    <subfield code="4">aut</subfield>
    <subfield code="e">aut</subfield>
    <subfield code="9">692607</subfield>
  </datafield>
  <datafield tag="700" ind1="1" ind2="0">
    <subfield code="a">Gonz&#xE1;lez de Arias, Mar&#xED;a Nilse</subfield>
    <subfield code="4">aut</subfield>
    <subfield code="e">aut</subfield>
    <subfield code="9">682281</subfield>
  </datafield>
  <datafield tag="700" ind1="1" ind2="0">
    <subfield code="a">Guerrero M&#xF3;nica, Liliana</subfield>
    <subfield code="4">aut</subfield>
    <subfield code="e">aut</subfield>
    <subfield code="9">682848</subfield>
  </datafield>
  <datafield tag="700" ind1="1" ind2="0">
    <subfield code="a">Leal Castro, Aura Lucia</subfield>
    <subfield code="4">aut</subfield>
    <subfield code="e">aut</subfield>
    <subfield code="9">550937</subfield>
  </datafield>
  <datafield tag="700" ind1="1" ind2="0">
    <subfield code="a">Mar&#xED;n, Adriana</subfield>
    <subfield code="4">aut</subfield>
    <subfield code="e">aut</subfield>
    <subfield code="9">682283</subfield>
  </datafield>
  <datafield tag="700" ind1="1" ind2="0">
    <subfield code="a">Mel&#xE9;ndez, Marta Patricia</subfield>
    <subfield code="4">aut</subfield>
    <subfield code="e">aut</subfield>
    <subfield code="9">714541</subfield>
  </datafield>
  <datafield tag="700" ind1="1" ind2="0">
    <subfield code="a">Rico, Clara Luz</subfield>
    <subfield code="4">aut</subfield>
    <subfield code="e">aut</subfield>
    <subfield code="9">682284</subfield>
  </datafield>
  <datafield tag="700" ind1="1" ind2="0">
    <subfield code="a">Villegas Botero, Maria Virginia</subfield>
    <subfield code="4">aut</subfield>
    <subfield code="e">aut</subfield>
    <subfield code="9">550173</subfield>
  </datafield>
  <datafield tag="773" ind1="0" ind2=" ">
    <subfield code="t">Infectio : Revista de la Asociaci&#xF3;n Colombiana de Infectolog&#xED;a (Medell&#xED;n)</subfield>
    <subfield code="g">Volumen 17, N&#xFA;mero 02, Abril-Junio 2013, p. 80-89</subfield>
    <subfield code="w">648190</subfield>
    <subfield code="x">0123-9392</subfield>
    <subfield code="0">190879</subfield>
  </datafield>
  <datafield tag="942" ind1=" " ind2=" ">
    <subfield code="c">ARIMP</subfield>
  </datafield>
  <datafield tag="999" ind1=" " ind2=" ">
    <subfield code="c">690625</subfield>
    <subfield code="d">690625</subfield>
  </datafield>
</record>
